| 000 | 00472 a2200169 4500 | ||
|---|---|---|---|
| 003 | OSt | ||
| 005 | 20231218130923.0 | ||
| 008 | 231218b |||||||| |||| 00| 0 eng d | ||
| 020 | _a8170556368 | ||
| 040 | _coclc | ||
| 082 |
_a891.431 _bJAI/G |
||
| 100 |
_aJain, Sunitha _910162 |
||
| 245 |
_aGANGA TAT DEKHA / _cSunitha Jain |
||
| 260 |
_aNew Delhi: _bVani Prakashan, _c1998. |
||
| 300 | _a108p | ||
| 942 |
_2ddc _cBK _h891.431 _iJAI/G _k891.431 _mJAI/G |
||
| 999 |
_c43463 _d43463 |
||